| 000 | nam a22 a 4500 | ||
|---|---|---|---|
| 999 |
_c193257 _d193257 |
||
| 003 | BLK | ||
| 005 | 20230221121716.0 | ||
| 008 | 180411b bul|||||r ||||||| ||bul|| | ||
| 010 | _aKNG00202471000 | ||
| 040 | _aBLK | ||
| 041 |
_aBUL _cBUL |
||
| 080 |
_aЯпонска литература _b821.521 _x-312.4 _z821.521-312.4 |
||
| 100 | 1 |
_aМацумото, Сейтьо _eпърви автор _9346165 |
|
| 139 |
_aМацумото, Сейтьо _bМ 41 |
||
| 245 | 1 | 0 |
_aТочки и линии _cСейтьо Мацумото; прев. от рус. Гюлчин Чешмеджиева. |
| 257 | _aJAP | ||
| 260 |
_aСофия _bДИОНИС _c1992 |
||
| 300 |
_a160 с. _c20 см |
||
| 380 | _aX | ||
| 490 |
_aКрими _9201306 |
||
| 700 | 1 |
_aЧешмеджиева, Гюлчин _eпрев. от рус. _9370691 |
|
| 852 | _aЦб 168618 | ||
| 856 | 4 |
_qpdf _i12.50 _ldisable |
|
| 856 | 4 |
_qpdf _i12.50 _ldisable |
|
| 942 |
_cKNG _n0 _s1 |
||
| 944 |
_aCR _c08.03.2017 _kКамелия_Данева |
||
| 944 |
_aED _c08.03.2017 _kКамелия_Данева |
||
| 999 | _d193257 | ||